[Event "TUR-chT 2nd League"]
[Site "Denizli"]
[Date "2023.07.09"]
[Round "1.53"]
[White "Apaydin, Fethi"]
[Black "Kalemler, Kaan"]
[Result "1-0"]
[WhiteElo "2222"]
[BlackElo "1950"]
[PlyCount "79"]
[EventDate "2023.07.09"]
[EventType "team-swiss"]
[EventRounds "9"]
[EventCountry "TUR"]
[SourceTitle "CBM 215 Extra"]
[Source "ChessBase"]
[SourceDate "2023.09.30"]
[SourceVersion "1"]
[SourceVersionDate "2023.09.30"]
[SourceQuality "1"]
[WhiteTeam "Izmir Apaydin"]
[BlackTeam "Karaman Masterler"]
[WhiteTeamCountry "TUR"]
[BlackTeamCountry "TUR"]

1. e4 c5 2. Nc3 d6 3. g3 Nc6 4. Bg2 g6 5. d3 Bg7 6. f4 e6 7. Nf3 Nge7 8. 0-0 0-0 9. Be3 Nd4 10. Rb1 Rb8 11. Ne2 Nec6 12. c3 Nxe2+ 13. Qxe2 Re8 14. Rbd1 f5 15. exf5 gxf5 16. d4 cxd4 17. Nxd4 Nxd4 18. Bxd4 Qe7 19. Bxa7 Ra8 20. Qf2 Bd7 21. a3 Bc6 22. Bd4 Bxg2 23. Qxg2 e5 24. Qd5+ Kh8 25. Be3 Rad8 26. Bb6 exf4 27. Rxf4 Rd7 28. Rxf5 Qe2 29. Rf2 Qg4 30. Qf3 Qg5 31. Qf5 Qxf5 32. Rxf5 Be5 33. Rxe5 Rxe5 34. Bd4 Rde7 35. Bxe5+ dxe5 36. Kf2 Kg7 37. Rd6 h5 38. Ke3 Kh7 39. Rb6 Kg7 40. a4 1-0

[Event "TUR Cup"]
[Site "Antalya"]
[Date "2020.01.30"]
[Round "7"]
[White "Buke, Furkan"]
[Black "Kalemler, Kaan"]
[Result "1/2-1/2"]
[WhiteElo "2041"]
[BlackElo "1841"]
[PlyCount "57"]
[EventDate "2020.01.26"]
[EventType "swiss"]
[EventRounds "11"]
[EventCountry "TUR"]
[SourceTitle "CBM 194 Extra"]
[Source "ChessBase"]
[SourceDate "2020.03.31"]
[SourceVersion "1"]
[SourceVersionDate "2020.03.31"]
[SourceQuality "1"]

1. e4 c5 2. Nf3 d6 3. d4 cxd4 4. Nxd4 Nf6 5. Nc3 a6 6. Be3 e6 7. g4 b5 8. g5 Nfd7 9. f4 Bb7 10. Bg2 Nb6 11. Qe2 N8d7 12. f5 e5 13. Nb3 Nc4 14. 0-0-0 Be7 15. h4 Qc7 16. Bf2 Ndb6 17. Bxb6 Qxb6 18. Rh3 h6 19. f6 gxf6 20. gxf6 Bxf6 21. Rf1 Be7 22. Qh5 0-0-0 23. Qxf7 Rd7 24. Nd5 Qd8 25. Qf2 Bxd5 26. exd5 Rg8 27. Be4 Kb8 28. Rfh1 Rc7 29. Kb1 1/2-1/2

[Event "TUR Cup"]
[Site "Antalya"]
[Date "2020.01.30"]
[Round "8"]
[White "Kalemler, Kaan"]
[Black "Can, Melih Kaan"]
[Result "1/2-1/2"]
[WhiteElo "1841"]
[BlackElo "2138"]
[PlyCount "128"]
[EventDate "2020.01.26"]
[EventType "swiss"]
[EventRounds "11"]
[EventCountry "TUR"]
[SourceTitle "CBM 194 Extra"]
[Source "ChessBase"]
[SourceDate "2020.03.31"]
[SourceVersion "1"]
[SourceVersionDate "2020.03.31"]
[SourceQuality "1"]

1. e4 e5 2. Nf3 Nc6 3. Bb5 a6 4. Ba4 Nf6 5. 0-0 Be7 6. Re1 b5 7. Bb3 0-0 8. d3 d6 9. c3 Na5 10. Bc2 Re8 11. Nbd2 Bf8 12. Nf1 Bb7 13. Ng3 g6 14. d4 exd4 15. cxd4 c5 16. b3 Bg7 17. Bb2 cxd4 18. Nxd4 Rc8 19. Qd2 Nc6 20. a4 Nxd4 21. Bxd4 d5 22. e5 Ng4 23. axb5 axb5 24. Bd3 Qh4 25. Bxb5 Qxh2+ 26. Kf1 Bc6 27. Bxc6 Rxc6 28. e6 f6 29. e7 h5 30. Ba7 Kh7 31. Qxd5 Rc2 32. Qd3 Rc7 33. Qd6 Rc2 34. Qd7 Rcc8 35. Rac1 Ra8 36. Bb6 Ne5 37. Rxe5 fxe5 38. Bd8 Rg8 39. e8Q Rxe8 40. Qxe8 h4 41. Ne2 h3 42. gxh3 Qxh3+ 43. Kg1 Qd3 44. Rc3 Rxd8 45. Qe7 Qd1+ 46. Kh2 Qd7 47. Rh3+ Kg8 48. Qh4 e4 49. Qxe4 Qd6+ 50. Rg3 Rf8 51. Kg2 Rf5 52. Qe8+ Kh7 53. Rh3+ Bh6 54. Qe3 Qd5+ 55. Kh2 Rh5 56. Qe7+ Bg7 57. Nf4 Rxh3+ 58. Nxh3 Qxb3 59. Ng5+ Kh6 60. Ne6 Be5+ 61. Kg1 Qb1+ 62. Kg2 Qe4+ 63. Kf1 Qd3+ 64. Kg1 Qd1+ 1/2-1/2

[Event "TUR Cup"]
[Site "Antalya"]
[Date "2020.01.27"]
[Round "2"]
[White "Kalemler, Kaan"]
[Black "Ozenir, Ekin Baris"]
[Result "1/2-1/2"]
[WhiteElo "1841"]
[BlackElo "2285"]
[PlyCount "77"]
[EventDate "2020.01.26"]
[EventType "swiss"]
[EventRounds "11"]
[EventCountry "TUR"]
[SourceTitle "CBM 194 Extra"]
[Source "ChessBase"]
[SourceDate "2020.03.31"]
[SourceVersion "1"]
[SourceVersionDate "2020.03.31"]
[SourceQuality "1"]

1. e4 Nc6 2. Nf3 d6 3. d4 Nf6 4. Nc3 g6 5. Bc4 Bg7 6. 0-0 0-0 7. h3 Nxe4 8. Bxf7+ Rxf7 9. Nxe4 d5 10. Neg5 Rf8 11. Re1 Qd6 12. Qe2 Rf6 13. c4 e6 14. c5 Qf8 15. Ne5 Nxd4 16. Qd3 Nc6 17. Ng4 Rf5 18. Nxe6 Bxe6 19. Rxe6 Qxc5 20. Bh6 Ne5 21. Qg3 Nxg4 22. hxg4 Rf7 23. Rc1 Qf8 24. Be3 d4 25. Bg5 Re8 26. Qb3 Rxe6 27. Qxe6 c6 28. Re1 Kh8 29. Be7 Qe8 30. Bc5 Qxe6 31. Rxe6 h6 32. Rd6 Rf4 33. Bxa7 Rxg4 34. f3 Rf4 35. Kf2 d3 36. Rd8+ Kh7 37. Rxd3 Ra4 38. Bc5 Rc4 39. b4 1/2-1/2

[Event "TUR-chT 1st League"]
[Site "Konya"]
[Date "2019.07.25"]
[Round "5.5"]
[White "Saricam, Ege"]
[Black "Kalemler, Kaan"]
[Result "0-1"]
[WhiteElo "1345"]
[BlackElo "1805"]
[PlyCount "80"]
[EventDate "2019.07.22"]
[EventType "team-swiss"]
[EventRounds "9"]
[EventCountry "TUR"]
[SourceTitle "CBM 191 Extra"]
[Source "ChessBase"]
[SourceDate "2019.09.30"]
[SourceVersion "1"]
[SourceVersionDate "2019.09.30"]
[SourceQuality "1"]
[WhiteTeam "Pamukkale Universiteli"]
[BlackTeam "Karaman Saglik"]
[WhiteTeamCountry "TUR"]
[BlackTeamCountry "TUR"]

1. c4 e5 2. Nc3 Nc6 3. e3 d6 4. d4 g6 5. d5 Nce7 6. e4 Bg7 7. Bd3 f5 8. Nf3 h6 9. h4 f4 10. Bd2 Nf6 11. Qe2 0-0 12. 0-0-0 Bg4 13. Rhf1 c6 14. g3 Nh5 15. Be1 Rf7 16. c5 fxg3 17. fxg3 Qf8 18. cxd6 Nc8 19. dxc6 Nxd6 20. cxb7 Re8 21. Bc4 Nxc4 22. Qxc4 Be6 23. Qb5 Rb8 24. Nh2 Rbxb7 25. Qxb7 Rxb7 26. Rxf8+ Bxf8 27. g4 Nf4 28. Bg3 Be7 29. Nd5 Ne2+ 30. Kc2 Nxg3 31. Nxe7+ Rxe7 32. Re1 Rf7 33. Re3 Rf2+ 34. Kc3 Ne2+ 35. Kb4 Rxh2 36. Ka5 Nd4 37. a4 Rxb2 38. Rc3 Rb6 39. g5 Bc4 40. gxh6 Nc6# 0-1

[Event "TUR-chT 1st League"]
[Site "Konya"]
[Date "2019.07.23"]
[Round "2.11"]
[White "Kalemler, Kaan"]
[Black "Ceylan, Arda"]
[Result "1-0"]
[WhiteElo "1805"]
[BlackElo "1732"]
[PlyCount "141"]
[EventDate "2019.07.22"]
[EventType "team-swiss"]
[EventRounds "9"]
[EventCountry "TUR"]
[SourceTitle "CBM 191 Extra"]
[Source "ChessBase"]
[SourceDate "2019.09.30"]
[SourceVersion "1"]
[SourceVersionDate "2019.09.30"]
[SourceQuality "1"]
[WhiteTeam "Karaman Saglik"]
[BlackTeam "Ankara DSI Genclik"]
[WhiteTeamCountry "TUR"]
[BlackTeamCountry "TUR"]

1. e4 e5 2. Nf3 Nf6 3. Nxe5 d6 4. Nf3 Nxe4 5. c4 c6 6. d4 d5 7. Nc3 Bb4 8. Bd2 Nxd2 9. Qxd2 0-0 10. Be2 dxc4 11. Bxc4 Re8+ 12. Ne5 Be6 13. 0-0 Nd7 14. Bxe6 Rxe6 15. Nd3 Ba5 16. Rfe1 Rd6 17. Qe3 Nf6 18. Nc5 Rb8 19. Rad1 h6 20. h3 Nd5 21. Qd3 Nxc3 22. bxc3 Bb6 23. Qc4 Rd5 24. Nd3 Bc7 25. Nb4 Qd6 26. Nxd5 cxd5 27. Qb5 Qh2+ 28. Kf1 Qh1+ 29. Ke2 Qxg2 30. Rd3 Bf4 31. Rf3 g5 32. Rb1 Kf8 33. Qc5+ Kg7 34. Qe7 b6 35. Rb5 Rc8 36. Qd7 Rc7 37. Qd8 Rc6 38. Qxd5 Rd6 39. Qf5 Rf6 40. Qd7 Rd6 41. Qxa7 Re6+ 42. Re5 Rf6 43. Re7 Qxf3+ 44. Kxf3 Bb8+ 45. Ke3 Bxa7 46. Rxa7 Rc6 47. Ra3 Re6+ 48. Kf3 f5 49. c4 g4+ 50. hxg4 fxg4+ 51. Kf4 Re2 52. Kxg4 Re4+ 53. Kf5 Rxd4 54. Ra7+ Kf8 55. Rc7 Rd2 56. f4 Rxa2 57. Kf6 Ke8 58. Re7+ Kd8 59. f5 Ra4 60. Re4 b5 61. Kg7 bxc4 62. f6 Ra1 63. Rd4+ Kc7 64. Rxc4+ Kd8 65. Rd4+ Kc7 66. Rg4 Kd6 67. f7 Ra7 68. Rg6+ Ke5 69. Rxh6 Kf5 70. Kg8 Kg5 71. f8Q 1-0

[Event "Kesan op 16th"]
[Site "Kesan"]
[Date "2018.08.13"]
[Round "2"]
[White "Kalemler, Kaan"]
[Black "Mgeladze, Tamaz"]
[Result "0-1"]
[WhiteElo "1793"]
[BlackElo "2400"]
[PlyCount "56"]
[EventDate "2018.08.12"]
[EventType "swiss"]
[EventRounds "9"]
[EventCountry "TUR"]
[SourceTitle "CBM 186 Extra"]
[Source "ChessBase"]
[SourceDate "2018.08.24"]
[SourceVersion "1"]
[SourceVersionDate "2018.08.24"]
[SourceQuality "1"]

1. e4 c5 2. Nf3 Nc6 3. d4 cxd4 4. Nxd4 g6 5. Be3 Bg7 6. Nc3 Nf6 7. Bc4 0-0 8. Bb3 Re8 9. f3 e6 10. Qd2 d5 11. exd5 Nxd5 12. Nxd5 Nxd4 13. Bxd4 exd5+ 14. Kf1 Bxd4 15. Qxd4 Qe7 16. Qd2 Bf5 17. Re1 Qc5 18. Rxe8+ Rxe8 19. Qxd5 Qe7 20. Kf2 Rd8 21. Qa5 Qh4+ 22. Ke2 Qg5 23. Bd5 Qxg2+ 24. Ke3 Re8+ 25. Kf4 Qxh1 26. Bxf7+ Kxf7 27. Qd5+ Be6 28. Qxb7+ Re7 0-1

[Event "Izmir op 16th"]
[Site "Izmir"]
[Date "2017.09.06"]
[Round "3"]
[White "Kalemler, Kaan"]
[Black "Yilmazyerli, Mert"]
[Result "0-1"]
[WhiteElo "1821"]
[BlackElo "2489"]
[PlyCount "60"]
[EventDate "2017.09.05"]
[EventType "swiss"]
[EventRounds "9"]
[EventCountry "TUR"]
[SourceTitle "CBM 180 Extra"]
[Source "ChessBase"]
[SourceDate "2017.10.06"]
[SourceVersion "1"]
[SourceVersionDate "2017.10.06"]
[SourceQuality "1"]

1. e4 g6 2. d4 Bg7 3. Nc3 d6 4. f4 a6 5. Nf3 b5 6. a3 Nd7 7. Bd3 c5 8. e5 Bb7 9. Be4 Bxe4 10. Nxe4 cxd4 11. exd6 Ngf6 12. Qxd4 0-0 13. 0-0 Nxe4 14. Qxe4 exd6 15. Qc6 Qb6+ 16. Qxb6 Nxb6 17. Rd1 Rfe8 18. Kf2 Re4 19. c3 Rae8 20. Rxd6 Bf8 21. Rd3 Nc4 22. b3 Re2+ 23. Kf1 Bc5 24. Nd4 Re1+ 25. Kf2 Nd6 26. Kf3 Rf1+ 27. Kg4 Ree1 28. b4 Bxd4 29. Rxd4 Nc4 30. Kg5 Kg7 0-1

[Event "Cubuk op 3rd"]
[Site "Cubuk"]
[Date "2017.08.20"]
[Round "3"]
[White "Kalemler, Kaan"]
[Black "Mgeladze, Tamaz"]
[Result "0-1"]
[WhiteElo "1897"]
[BlackElo "2328"]
[PlyCount "109"]
[EventDate "2017.08.19"]
[EventType "swiss"]
[EventRounds "9"]
[EventCountry "TUR"]
[SourceTitle "CBM 180 Extra"]
[Source "ChessBase"]
[SourceDate "2017.10.06"]
[SourceVersion "1"]
[SourceVersionDate "2017.10.06"]
[SourceQuality "1"]

1. e4 c5 2. Nc3 Nc6 3. g3 g6 4. Bg2 Bg7 5. d3 Nf6 6. Be3 d6 7. h3 0-0 8. Nge2 Rb8 9. a4 a6 10. f4 Bd7 11. 0-0 b5 12. axb5 axb5 13. Qd2 b4 14. Nd1 Qb6 15. Bf2 Ra8 16. Ne3 Rxa1 17. Rxa1 Rb8 18. g4 Qd8 19. Rf1 Ne8 20. Nc4 Nc7 21. d4 cxd4 22. Nxd4 Nxd4 23. Bxd4 Bxd4+ 24. Qxd4 Ne6 25. Qd5 Bb5 26. f5 Bxc4 27. Qxc4 Qb6+ 28. Kh1 Qd4 29. Qb3 Nc5 30. Qf3 g5 31. c3 bxc3 32. bxc3 Qd3 33. Qxd3 Nxd3 34. Rf3 Rb1+ 35. Kh2 Ne5 36. Rf1 Rb2 37. f6 e6 38. Rd1 Rb6 39. c4 h6 40. Rc1 Rc6 41. Bf1 Kh7 42. Be2 Kg6 43. Kg3 Kxf6 44. Kf2 Ng6 45. Ke3 Rb6 46. Rc3 Nf4 47. Bd1 Rb1 48. Kd2 Ra1 49. Rb3 Ke5 50. Bc2 Rh1 51. Rb5+ Kd4 52. e5 Rh2+ 53. Kd1 dxe5 54. c5 Nd5 55. Ra5 0-1

[Event "TUR-chT 1st League"]
[Site "Konya"]
[Date "2017.07.22"]
[Round "8.10"]
[White "Sahutoglu, Mehmet Ibrahim"]
[Black "Kalemler, Kaan"]
[Result "1-0"]
[WhiteElo "1823"]
[BlackElo "1927"]
[PlyCount "115"]
[EventDate "2017.07.17"]
[EventType "team-swiss"]
[EventRounds "9"]
[EventCountry "TUR"]
[SourceTitle "CBM 179 Extra"]
[Source "ChessBase"]
[SourceDate "2017.08.23"]
[SourceVersion "1"]
[SourceVersionDate "2017.08.23"]
[SourceQuality "1"]
[WhiteTeam "Hatay Samandag"]
[BlackTeam "Boranlar Mersin Toyota"]
[WhiteTeamCountry "TUR"]
[BlackTeamCountry "TUR"]

1. d4 Nf6 2. Nf3 d5 3. c4 e6 4. Nc3 c6 5. e3 Be7 6. Qc2 Nbd7 7. b3 Qc7 8. Be2 0-0 9. 0-0 dxc4 10. bxc4 e5 11. Bb2 exd4 12. exd4 Re8 13. Rfe1 Nf8 14. Rad1 Bd6 15. h3 Ng6 16. Bf1 Bd7 17. a3 Rad8 18. Ne2 Re4 19. Nc1 Rde8 20. Rxe4 Rxe4 21. Nd3 Bf5 22. Qd2 Nh4 23. Nfe5 Nh5 24. Qc1 f6 25. f3 fxe5 26. fxe4 exd4 27. e5 Bxe5 28. Nxe5 Qxe5 29. Qg5 Qe3+ 30. Qxe3 dxe3 31. Re1 Bxh3 32. Rxe3 Bf5 33. Re7 Ng6 34. Rxb7 a6 35. Rb6 Ne7 36. Rxa6 Bc8 37. Ra7 Kf7 38. Bd4 Ke6 39. Be2 Nf4 40. Bf3 h5 41. g3 Nf5 42. gxf4 Nxd4 43. Bxh5 Kd6 44. Rxg7 Be6 45. Rg6 Kc5 46. Kf2 Bxc4 47. Bd1 Bf7 48. Rg5+ Kd6 49. Ke3 c5 50. Ke4 Nb5 51. Bh5 Bb3 52. f5 c4 53. f6 c3 54. f7 Bxf7 55. Bxf7 c2 56. Rg1 Nc3+ 57. Kd3 Nd1 58. Kxc2 1-0

[Event "TUR-chT 1st League"]
[Site "Konya"]
[Date "2017.07.18"]
[Round "3.10"]
[White "Ozen, Batuhan"]
[Black "Kalemler, Kaan"]
[Result "1/2-1/2"]
[WhiteElo "2160"]
[BlackElo "1927"]
[PlyCount "110"]
[EventDate "2017.07.17"]
[EventType "team-swiss"]
[EventRounds "9"]
[EventCountry "TUR"]
[SourceTitle "CBM 179 Extra"]
[Source "ChessBase"]
[SourceDate "2017.08.23"]
[SourceVersion "1"]
[SourceVersionDate "2017.08.23"]
[SourceQuality "1"]
[WhiteTeam "Pamukkale Universiteli"]
[BlackTeam "Boranlar Mersin Toyota"]
[WhiteTeamCountry "TUR"]
[BlackTeamCountry "TUR"]

1. c4 Nf6 2. Nc3 g6 3. g3 Bg7 4. Bg2 d6 5. d3 0-0 6. Nf3 Nc6 7. 0-0 e5 8. Rb1 a5 9. Nd5 Nxd5 10. cxd5 Ne7 11. Ne1 b6 12. Nc2 Bb7 13. e4 c6 14. dxc6 Bxc6 15. b4 Qd7 16. bxa5 bxa5 17. Ba3 Ba4 18. Qd2 Bxc2 19. Qxc2 Rfc8 20. Qd2 Nc6 21. Rb6 Qa7 22. Rb5 Nd4 23. Rb2 Bf8 24. h4 Qd7 25. f4 Qa4 26. fxe5 dxe5 27. Qf2 Rc7 28. Bxf8 Rxf8 29. Qf6 Qa3 30. Qxe5 Qxb2 31. Qxc7 Qxa2 32. Qe5 Rd8 33. Kh2 Nc6 34. Qc7 Qe6 35. Bh3 Qe8 36. Rd1 a4 37. Bg2 Ne5 38. Qc3 Rc8 39. Qb2 Qe7 40. d4 Ng4+ 41. Kg1 Ne3 42. Re1 Nxg2 43. Qxg2 Qb4 44. Qf2 a3 45. Rf1 Qb7 46. d5 Ra8 47. h5 a2 48. Qd4 Qb1 49. Qa1 Qxe4 50. Qf6 Qxd5 51. h6 Qc5+ 52. Kg2 Qf8 53. Rh1 Ra5 54. Rd1 Ra8 55. Rh1 Re8 1/2-1/2

[Event "TUR-chT 1st League"]
[Site "Konya"]
[Date "2017.07.17"]
[Round "1.2"]
[White "Isik, Alparslan"]
[Black "Kalemler, Kaan"]
[Result "1-0"]
[WhiteElo "2211"]
[BlackElo "1927"]
[PlyCount "119"]
[EventDate "2017.07.17"]
[EventType "team-swiss"]
[EventRounds "9"]
[EventCountry "TUR"]
[SourceTitle "CBM 179 Extra"]
[Source "ChessBase"]
[SourceDate "2017.08.23"]
[SourceVersion "1"]
[SourceVersionDate "2017.08.23"]
[SourceQuality "1"]
[WhiteTeam "Izmir Rota Koleji"]
[BlackTeam "Boranlar Mersin Toyota"]
[WhiteTeamCountry "TUR"]
[BlackTeamCountry "TUR"]

1. Nf3 Nf6 2. c4 b6 3. g3 Bb7 4. Bg2 g6 5. d4 Bg7 6. Nc3 d6 7. Qc2 Nbd7 8. 0-0 0-0 9. Rd1 c5 10. d5 a6 11. a4 Qc7 12. e4 Rfb8 13. Bf4 Bc8 14. Qe2 Ne5 15. Nxe5 dxe5 16. Bd2 Bd7 17. Bf1 Ne8 18. Bg5 Qd6 19. Qc2 f6 20. Be3 f5 21. Qd2 Nf6 22. f3 Rf8 23. Be2 f4 24. Bf2 Bh6 25. Qd3 fxg3 26. hxg3 Nh5 27. Kg2 Qf6 28. Be3 Nf4+ 29. gxf4 Bxf4 30. Bf2 Qg5+ 31. Kf1 Qh5 32. Ke1 Qh1+ 33. Bf1 Bg3 34. Bxg3 Rxf3 35. Qe2 Rxg3 36. Kd2 Bg4 37. Qf2 Qh6+ 38. Kc2 Bxd1+ 39. Rxd1 Rg4 40. a5 Rf8 41. Qe1 Rg1 42. Qe2 Qh4 43. Kb3 Rf2 44. Qd3 Rg3 45. Qb1 bxa5 46. Ka4 Qg4 47. Bd3 Qd7+ 48. Ka3 Qb7 49. Rf1 Qb4+ 50. Ka2 a4 51. Rxf2 Qb3+ 52. Ka1 a3 53. Bc2 axb2+ 54. Qxb2 Qxc3 55. Qxc3 Rxc3 56. Ka2 Rxc4 57. Bb3 Rxe4 58. d6+ c4 59. dxe7 Re2+ 60. Ka3 1-0

[Event "Mersin op 1st"]
[Site "Mersin"]
[Date "2016.10.29"]
[Round "9"]
[White "Kalemler, Kaan"]
[Black "Aydin, Ersin"]
[Result "1-0"]
[WhiteElo "1829"]
[BlackElo "1981"]
[PlyCount "39"]
[EventDate "2016.10.23"]
[EventType "swiss"]
[EventRounds "9"]
[EventCountry "TUR"]
[SourceTitle "EXT 2018"]
[Source "ChessBase"]
[SourceDate "2017.10.13"]
[SourceVersion "1"]
[SourceVersionDate "2017.10.13"]
[SourceQuality "1"]

1. e4 d6 2. d4 Nf6 3. Nc3 g6 4. f4 Bg7 5. e5 Nfd7 6. Nf3 0-0 7. h4 c5 8. h5 cxd4 9. hxg6 dxc3 10. gxf7+ Rxf7 11. Bc4 Nxe5 12. Nxe5 e6 13. Nxf7 Kxf7 14. b3 Nc6 15. f5 d5 16. Qh5+ Kf8 17. Ba3+ Ne7 18. fxe6 Bxe6 19. Bd3 h6 20. Bh7 1-0

[Event "Mersin op 1st"]
[Site "Mersin"]
[Date "2016.10.26"]
[Round "5"]
[White "Kalemler, Kaan"]
[Black "Valansi, Avram Alber"]
[Result "1-0"]
[WhiteElo "1829"]
[BlackElo "1986"]
[PlyCount "119"]
[EventDate "2016.10.23"]
[EventType "swiss"]
[EventRounds "9"]
[EventCountry "TUR"]
[SourceTitle "EXT 2018"]
[Source "ChessBase"]
[SourceDate "2017.10.13"]
[SourceVersion "1"]
[SourceVersionDate "2017.10.13"]
[SourceQuality "1"]

1. e4 g6 2. d4 Bg7 3. Nc3 a6 4. f4 b5 5. a3 Bb7 6. Nf3 Nf6 7. Bd3 d6 8. e5 Nd5 9. Ne4 Nd7 10. 0-0 dxe5 11. fxe5 e6 12. Nfg5 0-0 13. Nxh7 Kxh7 14. Ng5+ Kg8 15. Qg4 f5 16. Qh4 Re8 17. Qh7+ Kf8 18. Qxg6 Qe7 19. Bxf5 exf5 20. Rxf5+ N5f6 21. Nh7+ Kg8 22. Nxf6+ Nxf6 23. exf6 Qf7 24. Qxf7+ Kxf7 25. fxg7+ Kxg7 26. Bf4 Re2 27. Be5+ Kg6 28. Rf2 Rxf2 29. Kxf2 Rf8+ 30. Ke3 Kh5 31. Rg1 Re8 32. g4+ Kg5 33. h4+ Kxh4 34. g5 Bd5 35. g6 Kh5 36. g7 c5 37. Rf1 Rg8 38. Rf8 c4 39. Rxg8 Bxg8 40. Ke4 Kg6 41. d5 Kf7 42. Kd4 Ke7 43. Kc5 Kd7 44. d6 Be6 45. Kb6 Bf7 46. Kxa6 Kc6 47. Ka7 Bg8 48. Ka6 Be6 49. Ka5 Bg8 50. Kb4 Be6 51. b3 cxb3 52. cxb3 Kd7 53. Kxb5 Bxb3 54. a4 Be6 55. a5 Kc8 56. a6 Kd7 57. a7 Bd5 58. g8Q Bxg8 59. a8Q Bc4+ 60. Kxc4 1-0

[Event "Mersin op 1st"]
[Site "Mersin"]
[Date "2016.10.24"]
[Round "2"]
[White "Aliyev, Elnur Fakhraddin Og"]
[Black "Kalemler, Kaan"]
[Result "1-0"]
[WhiteElo "2103"]
[BlackElo "1829"]
[PlyCount "55"]
[EventDate "2016.10.23"]
[EventType "swiss"]
[EventRounds "9"]
[EventCountry "TUR"]
[SourceTitle "EXT 2018"]
[Source "ChessBase"]
[SourceDate "2017.10.13"]
[SourceVersion "1"]
[SourceVersionDate "2017.10.13"]
[SourceQuality "1"]

1. d4 Nf6 2. c4 g6 3. Nc3 Bg7 4. e4 d6 5. Be2 0-0 6. Nf3 e5 7. Be3 Nc6 8. d5 Ne7 9. Nd2 Nd7 10. b4 f5 11. f3 Nf6 12. c5 Nh5 13. g3 Bd7 14. Qb3 Nc8 15. c6 bxc6 16. dxc6+ Kh8 17. cxd7 Qxd7 18. b5 Nb6 19. a4 f4 20. Bf2 d5 21. g4 Nf6 22. a5 dxe4 23. Ndxe4 Nxg4 24. axb6 Nxf2 25. Kxf2 Qd4+ 26. Kg2 axb6 27. Rad1 Qe3 28. Rd3 1-0

[Event "Cesme op 4th"]
[Site "Cesme"]
[Date "2016.06.20"]
[Round "1"]
[White "Kalemler, Kaan"]
[Black "Petkov, Vladimir"]
[Result "0-1"]
[WhiteElo "1850"]
[BlackElo "2493"]
[PlyCount "50"]
[EventDate "2016.06.20"]
[EventType "swiss"]
[EventRounds "9"]
[EventCountry "TUR"]
[SourceTitle "CBM 173 Extra"]
[Source "ChessBase"]
[SourceDate "2016.08.29"]
[SourceVersion "1"]
[SourceVersionDate "2016.08.29"]
[SourceQuality "1"]

1. e4 e5 2. Nf3 Nc6 3. Bb5 a6 4. Ba4 Nf6 5. 0-0 Be7 6. Re1 b5 7. Bb3 d6 8. c3 0-0 9. h3 Re8 10. d4 Bf8 11. Nbd2 Bb7 12. a4 h6 13. Bc2 g6 14. Nf1 exd4 15. cxd4 Nb4 16. Ng3 Nxc2 17. Qxc2 c5 18. dxc5 dxc5 19. Bd2 Re6 20. Nh2 Qc7 21. axb5 axb5 22. Rxa8 Bxa8 23. f4 c4 24. f5 gxf5 25. exf5 Qxg3 0-1